<?xml version="1.0" encoding="UTF-8"?>
<collection xmlns="http://www.loc.gov/MARC21/slim">
 <record>
  <leader>06255cam a2201201   4500</leader>
  <controlfield tag="001">186535201</controlfield>
  <controlfield tag="003">DE-627</controlfield>
  <controlfield tag="005">20241018100451.0</controlfield>
  <controlfield tag="007">tu</controlfield>
  <controlfield tag="008">950727s1995    gw |||||      00| ||ger c</controlfield>
  <datafield tag="015" ind1=" " ind2=" ">
   <subfield code="a">95,N31,0003</subfield>
   <subfield code="2">dnb</subfield>
  </datafield>
  <datafield tag="015" ind1=" " ind2=" ">
   <subfield code="a">95,A46,0240</subfield>
   <subfield code="2">dnb</subfield>
  </datafield>
  <datafield tag="016" ind1="7" ind2=" ">
   <subfield code="a">944855695</subfield>
   <subfield code="2">DE-101</subfield>
  </datafield>
  <datafield tag="020" ind1=" " ind2=" ">
   <subfield code="a">3050025824</subfield>
   <subfield code="c">kart. : DM 48.00</subfield>
   <subfield code="9">3-05-002582-4</subfield>
  </datafield>
  <datafield tag="024" ind1="3" ind2=" ">
   <subfield code="a">9783050025827</subfield>
  </datafield>
  <datafield tag="035" ind1=" " ind2=" ">
   <subfield code="a">(DE-627)186535201</subfield>
  </datafield>
  <datafield tag="035" ind1=" " ind2=" ">
   <subfield code="a">(DE-576)040483266</subfield>
  </datafield>
  <datafield tag="035" ind1=" " ind2=" ">
   <subfield code="a">(DE-599)DNB944855695</subfield>
  </datafield>
  <datafield tag="035" ind1=" " ind2=" ">
   <subfield code="a">(OCoLC)231645709</subfield>
  </datafield>
  <datafield tag="035" ind1=" " ind2=" ">
   <subfield code="a">(OCoLC)39355747</subfield>
  </datafield>
  <datafield tag="035" ind1=" " ind2=" ">
   <subfield code="a">(DE-604)8103093753</subfield>
  </datafield>
  <datafield tag="035" ind1=" " ind2=" ">
   <subfield code="a">(DE-H357)his5340</subfield>
  </datafield>
  <datafield tag="040" ind1=" " ind2=" ">
   <subfield code="a">DE-627</subfield>
   <subfield code="b">ger</subfield>
   <subfield code="c">DE-627</subfield>
   <subfield code="e">rakwb</subfield>
  </datafield>
  <datafield tag="041" ind1=" " ind2=" ">
   <subfield code="a">ger</subfield>
  </datafield>
  <datafield tag="044" ind1=" " ind2=" ">
   <subfield code="c">XA-DE-BE</subfield>
  </datafield>
  <datafield tag="060" ind1=" " ind2="0">
   <subfield code="a">GN 307</subfield>
  </datafield>
  <datafield tag="072" ind1=" " ind2="7">
   <subfield code="a">SOC026040</subfield>
   <subfield code="2">bisacsh</subfield>
  </datafield>
  <datafield tag="072" ind1=" " ind2="7">
   <subfield code="a">PHI000000</subfield>
   <subfield code="2">bisacsh</subfield>
  </datafield>
  <datafield tag="072" ind1=" " ind2="7">
   <subfield code="a">SOC002000</subfield>
   <subfield code="2">bisacsh</subfield>
  </datafield>
  <datafield tag="072" ind1=" " ind2="7">
   <subfield code="a">SOC000000</subfield>
   <subfield code="2">bisacsh</subfield>
  </datafield>
  <datafield tag="082" ind1="0" ind2=" ">
   <subfield code="a">303.483</subfield>
  </datafield>
  <datafield tag="084" ind1=" " ind2=" ">
   <subfield code="a">10</subfield>
   <subfield code="2">sdnb</subfield>
  </datafield>
  <datafield tag="084" ind1=" " ind2=" ">
   <subfield code="a">24</subfield>
   <subfield code="2">ssgn</subfield>
  </datafield>
  <datafield tag="084" ind1=" " ind2=" ">
   <subfield code="a">1</subfield>
   <subfield code="2">ssgn</subfield>
  </datafield>
  <datafield tag="084" ind1=" " ind2=" ">
   <subfield code="a">MQ 3445</subfield>
   <subfield code="2">rvk</subfield>
   <subfield code="0">(DE-625)rvk/123448:11633</subfield>
  </datafield>
  <datafield tag="084" ind1=" " ind2=" ">
   <subfield code="a">MR 7100</subfield>
   <subfield code="2">rvk</subfield>
   <subfield code="0">(DE-625)rvk/123539:</subfield>
  </datafield>
  <datafield tag="084" ind1=" " ind2=" ">
   <subfield code="a">CC 6600</subfield>
   <subfield code="2">rvk</subfield>
   <subfield code="0">(DE-625)rvk/17661:</subfield>
  </datafield>
  <datafield tag="084" ind1=" " ind2=" ">
   <subfield code="a">CC 6300</subfield>
   <subfield code="2">rvk</subfield>
   <subfield code="0">(DE-625)rvk/17655:</subfield>
  </datafield>
  <datafield tag="084" ind1=" " ind2=" ">
   <subfield code="a">CC 8200</subfield>
   <subfield code="2">rvk</subfield>
   <subfield code="0">(DE-625)rvk/17701:</subfield>
  </datafield>
  <datafield tag="084" ind1=" " ind2=" ">
   <subfield code="a">MS 9350</subfield>
   <subfield code="2">rvk</subfield>
   <subfield code="0">(DE-625)rvk/123834:</subfield>
  </datafield>
  <datafield tag="084" ind1=" " ind2=" ">
   <subfield code="a">08.42</subfield>
   <subfield code="2">bkl</subfield>
  </datafield>
  <datafield tag="090" ind1=" " ind2=" ">
   <subfield code="a">a</subfield>
  </datafield>
  <datafield tag="100" ind1="1" ind2=" ">
   <subfield code="a">Latour, Bruno</subfield>
   <subfield code="d">1947-2022</subfield>
   <subfield code="0">(DE-588)119404923</subfield>
   <subfield code="0">(DE-627)080218350</subfield>
   <subfield code="0">(DE-576)16191781X</subfield>
   <subfield code="4">aut</subfield>
  </datafield>
  <datafield tag="240" ind1="1" ind2="0">
   <subfield code="a">Nous n'avons jamais été modernes &lt;dt.&gt;</subfield>
  </datafield>
  <datafield tag="245" ind1="1" ind2="0">
   <subfield code="a">Wir sind nie modern gewesen</subfield>
   <subfield code="b">Versuch einer symmetrischen Anthropologie</subfield>
   <subfield code="c">Bruno Latour. [Übers.: Gustav Roßler]</subfield>
  </datafield>
  <datafield tag="264" ind1=" " ind2="1">
   <subfield code="a">Berlin</subfield>
   <subfield code="b">Akademie-Verl.</subfield>
   <subfield code="c">1995</subfield>
  </datafield>
  <datafield tag="300" ind1=" " ind2=" ">
   <subfield code="a">208 S.</subfield>
   <subfield code="b">graph. Darst.</subfield>
   <subfield code="c">22 cm</subfield>
  </datafield>
  <datafield tag="336" ind1=" " ind2=" ">
   <subfield code="a">Text</subfield>
   <subfield code="b">txt</subfield>
   <subfield code="2">rdacontent</subfield>
  </datafield>
  <datafield tag="337" ind1=" " ind2=" ">
   <subfield code="a">ohne Hilfsmittel zu benutzen</subfield>
   <subfield code="b">n</subfield>
   <subfield code="2">rdamedia</subfield>
  </datafield>
  <datafield tag="338" ind1=" " ind2=" ">
   <subfield code="a">Band</subfield>
   <subfield code="b">nc</subfield>
   <subfield code="2">rdacarrier</subfield>
  </datafield>
  <datafield tag="500" ind1=" " ind2=" ">
   <subfield code="a">Literaturverz. S. [195] - 203</subfield>
  </datafield>
  <datafield tag="505" ind1="8" ind2="0">
   <subfield code="a">Literaturverz. S. [195] - 203</subfield>
  </datafield>
  <datafield tag="583" ind1="1" ind2=" ">
   <subfield code="a">Archivierung/Langzeitarchivierung gewährleistet</subfield>
   <subfield code="f">SSG</subfield>
   <subfield code="x">XA-DE-BW</subfield>
   <subfield code="2">pdager</subfield>
   <subfield code="5">DE-21</subfield>
  </datafield>
  <datafield tag="600" ind1="1" ind2="7">
   <subfield code="0">(DE-588)118551698</subfield>
   <subfield code="0">(DE-627)133875024</subfield>
   <subfield code="0">(DE-576)318462338</subfield>
   <subfield code="a">Hobbes, Thomas</subfield>
   <subfield code="d">1588-1679</subfield>
   <subfield code="2">gnd</subfield>
  </datafield>
  <datafield tag="650" ind1=" " ind2="2">
   <subfield code="a">Anthropology</subfield>
  </datafield>
  <datafield tag="650" ind1="0" ind2="7">
   <subfield code="0">(DE-588)4041421-8</subfield>
   <subfield code="0">(DE-627)106219324</subfield>
   <subfield code="0">(DE-576)209044837</subfield>
   <subfield code="a">Naturwissenschaften</subfield>
   <subfield code="2">gnd</subfield>
  </datafield>
  <datafield tag="650" ind1="0" ind2="7">
   <subfield code="0">(DE-588)4020588-5</subfield>
   <subfield code="0">(DE-627)106317520</subfield>
   <subfield code="0">(DE-576)208933956</subfield>
   <subfield code="a">Gesellschaft</subfield>
   <subfield code="2">gnd</subfield>
  </datafield>
  <datafield tag="650" ind1="0" ind2="7">
   <subfield code="0">(DE-588)4033203-2</subfield>
   <subfield code="0">(DE-627)106258494</subfield>
   <subfield code="0">(DE-576)209000600</subfield>
   <subfield code="a">Krise</subfield>
   <subfield code="2">gnd</subfield>
  </datafield>
  <datafield tag="650" ind1="0" ind2="7">
   <subfield code="0">(DE-588)4177682-3</subfield>
   <subfield code="0">(DE-627)105346837</subfield>
   <subfield code="0">(DE-576)209979380</subfield>
   <subfield code="a">Relativismus</subfield>
   <subfield code="2">gnd</subfield>
  </datafield>
  <datafield tag="650" ind1="0" ind2="7">
   <subfield code="0">(DE-588)4026140-2</subfield>
   <subfield code="0">(DE-627)104483946</subfield>
   <subfield code="0">(DE-576)208965130</subfield>
   <subfield code="a">Humanismus</subfield>
   <subfield code="2">gnd</subfield>
  </datafield>
  <datafield tag="650" ind1="0" ind2="7">
   <subfield code="0">(DE-588)4002230-4</subfield>
   <subfield code="0">(DE-627)10639410X</subfield>
   <subfield code="0">(DE-576)208846212</subfield>
   <subfield code="a">Anthropologie</subfield>
   <subfield code="2">gnd</subfield>
  </datafield>
  <datafield tag="650" ind1="0" ind2="7">
   <subfield code="0">(DE-588)4115348-0</subfield>
   <subfield code="0">(DE-627)105815055</subfield>
   <subfield code="0">(DE-576)209492449</subfield>
   <subfield code="a">Naturschutz</subfield>
   <subfield code="2">gnd</subfield>
  </datafield>
  <datafield tag="650" ind1="0" ind2="7">
   <subfield code="0">(DE-588)4113450-3</subfield>
   <subfield code="0">(DE-627)105829390</subfield>
   <subfield code="0">(DE-576)209476583</subfield>
   <subfield code="a">Entwicklung</subfield>
   <subfield code="2">gnd</subfield>
  </datafield>
  <datafield tag="650" ind1="0" ind2="7">
   <subfield code="0">(DE-588)4059276-5</subfield>
   <subfield code="0">(DE-627)104665335</subfield>
   <subfield code="0">(DE-576)209130180</subfield>
   <subfield code="a">Technologie</subfield>
   <subfield code="2">gnd</subfield>
  </datafield>
  <datafield tag="650" ind1="0" ind2="7">
   <subfield code="0">(DE-588)4115604-3</subfield>
   <subfield code="0">(DE-627)104288515</subfield>
   <subfield code="0">(DE-576)20949462X</subfield>
   <subfield code="a">Postmoderne</subfield>
   <subfield code="2">gnd</subfield>
  </datafield>
  <datafield tag="650" ind1="0" ind2="7">
   <subfield code="0">(DE-588)4036824-5</subfield>
   <subfield code="0">(DE-627)104637269</subfield>
   <subfield code="0">(DE-576)209020679</subfield>
   <subfield code="a">Macht</subfield>
   <subfield code="2">gnd</subfield>
  </datafield>
  <datafield tag="650" ind1=" " ind2="4">
   <subfield code="a">Wissenschaftsforschung</subfield>
  </datafield>
  <datafield tag="650" ind1=" " ind2="4">
   <subfield code="a">Wissenschaftstheorie</subfield>
  </datafield>
  <datafield tag="650" ind1=" " ind2="4">
   <subfield code="a">Moderne</subfield>
  </datafield>
  <datafield tag="650" ind1=" " ind2="4">
   <subfield code="a">Postmoderne</subfield>
  </datafield>
  <datafield tag="653" ind1=" " ind2="0">
   <subfield code="a">Civilization, Modern - Philosophy</subfield>
  </datafield>
  <datafield tag="653" ind1=" " ind2="0">
   <subfield code="a">Science - History</subfield>
  </datafield>
  <datafield tag="653" ind1=" " ind2="0">
   <subfield code="a">Science - Philosophy</subfield>
  </datafield>
  <datafield tag="653" ind1=" " ind2="0">
   <subfield code="a">Science - Social aspects</subfield>
  </datafield>
  <datafield tag="653" ind1=" " ind2="0">
   <subfield code="a">Science and civilization</subfield>
  </datafield>
  <datafield tag="653" ind1=" " ind2="0">
   <subfield code="a">Technology - Social aspects</subfield>
  </datafield>
  <datafield tag="689" ind1="0" ind2="0">
   <subfield code="d">s</subfield>
   <subfield code="0">(DE-588)4165986-7</subfield>
   <subfield code="0">(DE-627)105436119</subfield>
   <subfield code="0">(DE-576)209899158</subfield>
   <subfield code="a">Kulturphilosophie</subfield>
   <subfield code="2">gnd</subfield>
  </datafield>
  <datafield tag="689" ind1="0" ind2=" ">
   <subfield code="5">DE-101</subfield>
  </datafield>
  <datafield tag="689" ind1="1" ind2="0">
   <subfield code="d">s</subfield>
   <subfield code="0">(DE-588)4039827-4</subfield>
   <subfield code="0">(DE-627)104658711</subfield>
   <subfield code="0">(DE-576)209036745</subfield>
   <subfield code="a">Moderne</subfield>
   <subfield code="2">gnd</subfield>
  </datafield>
  <datafield tag="689" ind1="1" ind2="1">
   <subfield code="d">s</subfield>
   <subfield code="0">(DE-588)4076226-9</subfield>
   <subfield code="0">(DE-627)104814128</subfield>
   <subfield code="0">(DE-576)209201223</subfield>
   <subfield code="a">Politische Philosophie</subfield>
   <subfield code="2">gnd</subfield>
  </datafield>
  <datafield tag="689" ind1="1" ind2="2">
   <subfield code="d">s</subfield>
   <subfield code="0">(DE-588)4125698-0</subfield>
   <subfield code="0">(DE-627)104470348</subfield>
   <subfield code="0">(DE-576)209578750</subfield>
   <subfield code="a">Kultur</subfield>
   <subfield code="2">gnd</subfield>
  </datafield>
  <datafield tag="689" ind1="1" ind2="3">
   <subfield code="d">s</subfield>
   <subfield code="0">(DE-588)4041358-5</subfield>
   <subfield code="0">(DE-627)104288833</subfield>
   <subfield code="0">(DE-576)209044594</subfield>
   <subfield code="a">Natur</subfield>
   <subfield code="2">gnd</subfield>
  </datafield>
  <datafield tag="689" ind1="1" ind2=" ">
   <subfield code="5">(DE-627)</subfield>
  </datafield>
  <datafield tag="700" ind1="1" ind2="2">
   <subfield code="a">Latour, Bruno</subfield>
   <subfield code="d">1947-2022</subfield>
   <subfield code="t">Nous n'avons jamais été modernes &lt;dt.&gt;</subfield>
  </datafield>
  <datafield tag="776" ind1="0" ind2="8">
   <subfield code="i">Erscheint auch als</subfield>
   <subfield code="n">Online-Ausgabe</subfield>
   <subfield code="a">Latour, Bruno, 1947 - 2022</subfield>
   <subfield code="t">Wir sind nie modern gewesen</subfield>
   <subfield code="d">Berlin : Akademie Verlag, 1995</subfield>
   <subfield code="h">1 Online-Ressource (208 Seiten)</subfield>
   <subfield code="w">(DE-627)1015635024</subfield>
   <subfield code="w">(DE-576)502294833</subfield>
   <subfield code="z">9783050070155</subfield>
  </datafield>
  <datafield tag="856" ind1="4" ind2="2">
   <subfield code="u">http://library.mpib-berlin.mpg.de/toc/z2011_1441.pdf</subfield>
   <subfield code="m">V:DE-601</subfield>
   <subfield code="m">B:B-1532</subfield>
   <subfield code="q">application/pdf</subfield>
   <subfield code="v">2011-08-27</subfield>
   <subfield code="x">Verlag</subfield>
   <subfield code="y">Inhaltsverzeichnis</subfield>
   <subfield code="3">Inhaltsverzeichnis</subfield>
  </datafield>
  <datafield tag="935" ind1=" " ind2=" ">
   <subfield code="a">mteo</subfield>
  </datafield>
  <datafield tag="935" ind1=" " ind2=" ">
   <subfield code="i">sf</subfield>
  </datafield>
  <datafield tag="935" ind1=" " ind2=" ">
   <subfield code="i">Blocktest</subfield>
  </datafield>
  <datafield tag="936" ind1="r" ind2="v">
   <subfield code="a">MQ 3445</subfield>
   <subfield code="b">Primärliteratur</subfield>
   <subfield code="k">Soziologie</subfield>
   <subfield code="k">Einführung und Geschichte</subfield>
   <subfield code="k">Einzelne Autoren</subfield>
   <subfield code="k">Autoren L</subfield>
   <subfield code="k">Latour, Bruno</subfield>
   <subfield code="k">Primärliteratur</subfield>
   <subfield code="0">(DE-627)1447063058</subfield>
   <subfield code="0">(DE-625)rvk/123448:11633</subfield>
   <subfield code="0">(DE-576)377063053</subfield>
  </datafield>
  <datafield tag="936" ind1="r" ind2="v">
   <subfield code="a">MR 7100</subfield>
   <subfield code="b">Kultursystem, Kulturbegriff (auch theoretische Kulturanthropologie) und Kulturvergleich; Kultursoziologie allgemein</subfield>
   <subfield code="k">Soziologie</subfield>
   <subfield code="k">Sozialwissenschaftliche Theorien und Methoden</subfield>
   <subfield code="k">Kulturelle Ansätze</subfield>
   <subfield code="k">Kultursystem, Kulturbegriff (auch theoretische Kulturanthropologie) und Kulturvergleich; Kultursoziologie allgemein</subfield>
   <subfield code="0">(DE-627)1270917625</subfield>
   <subfield code="0">(DE-625)rvk/123539:</subfield>
   <subfield code="0">(DE-576)200917625</subfield>
  </datafield>
  <datafield tag="936" ind1="r" ind2="v">
   <subfield code="a">CC 6600</subfield>
   <subfield code="b">Abhandlungen</subfield>
   <subfield code="k">Philosophie</subfield>
   <subfield code="k">Systematische Philosophie</subfield>
   <subfield code="k">Philosophische Anthropologie</subfield>
   <subfield code="k">Abhandlungen</subfield>
   <subfield code="0">(DE-627)1270639021</subfield>
   <subfield code="0">(DE-625)rvk/17661:</subfield>
   <subfield code="0">(DE-576)200639021</subfield>
  </datafield>
  <datafield tag="936" ind1="r" ind2="v">
   <subfield code="a">CC 6300</subfield>
   <subfield code="b">Abhandlungen</subfield>
   <subfield code="k">Philosophie</subfield>
   <subfield code="k">Systematische Philosophie</subfield>
   <subfield code="k">Naturphilosophie</subfield>
   <subfield code="k">Abhandlungen</subfield>
   <subfield code="0">(DE-627)1270638971</subfield>
   <subfield code="0">(DE-625)rvk/17655:</subfield>
   <subfield code="0">(DE-576)200638971</subfield>
  </datafield>
  <datafield tag="936" ind1="r" ind2="v">
   <subfield code="a">CC 8200</subfield>
   <subfield code="b">Abhandlungen</subfield>
   <subfield code="k">Philosophie</subfield>
   <subfield code="k">Systematische Philosophie</subfield>
   <subfield code="k">Geschichts- und Kulturphilosophie</subfield>
   <subfield code="k">Abhandlungen</subfield>
   <subfield code="0">(DE-627)1270639277</subfield>
   <subfield code="0">(DE-625)rvk/17701:</subfield>
   <subfield code="0">(DE-576)200639277</subfield>
  </datafield>
  <datafield tag="936" ind1="r" ind2="v">
   <subfield code="a">MS 9350</subfield>
   <subfield code="b">Allgemeine Werke und Theorien (soweit nicht unter kulturellem System)</subfield>
   <subfield code="k">Soziologie</subfield>
   <subfield code="k">Spezielle Soziologien</subfield>
   <subfield code="k">Sozial- bzw. Kultur-Anthropologie</subfield>
   <subfield code="k">Allgemeine Werke und Theorien (soweit nicht unter kulturellem System)</subfield>
   <subfield code="0">(DE-627)127095475X</subfield>
   <subfield code="0">(DE-625)rvk/123834:</subfield>
   <subfield code="0">(DE-576)20095475X</subfield>
  </datafield>
  <datafield tag="936" ind1="b" ind2="k">
   <subfield code="a">08.42</subfield>
   <subfield code="j">Kulturphilosophie</subfield>
   <subfield code="0">(DE-627)106403036</subfield>
  </datafield>
  <datafield tag="951" ind1=" " ind2=" ">
   <subfield code="a">BO</subfield>
  </datafield>
  <datafield tag="990" ind1=" " ind2=" ">
   <subfield code="a">Kulturphilosophie</subfield>
  </datafield>
  <datafield tag="990" ind1=" " ind2=" ">
   <subfield code="a">Moderne</subfield>
  </datafield>
  <datafield tag="990" ind1=" " ind2=" ">
   <subfield code="a">Politische Philosophie</subfield>
  </datafield>
  <datafield tag="990" ind1=" " ind2=" ">
   <subfield code="a">Kultur</subfield>
  </datafield>
  <datafield tag="990" ind1=" " ind2=" ">
   <subfield code="a">Natur</subfield>
  </datafield>
  <datafield tag="999" ind1=" " ind2=" ">
   <subfield code="a">KXP-PPN186535201</subfield>
   <subfield code="e">3256749887</subfield>
  </datafield>
 </record>
</collection>
